000 00897nam a2200253Ia 4500
003 OSt
005 20220923224728.0
006 a|||||r|||| 00| 0
007 ta
008 220922b |||||||| |||| 00| 0 hin d
024 _a249,266
037 _cTextual
040 _aARTS
_cARTS
_bhin
041 _2hin
_ahin
082 _aO1520m35,1(/\25):g, N0
100 _aरामनाथन, के.
245 0 _aमधुर भक्ति साहित्य का तुलनात्मक अध्ययन
246 _aMadhur bhakti sāhitya kā tulanātmak adhyayana
260 _aवाराणसी
_b संजय बुक सेण्टर
_c1990
300 _a336पृ.
_ccm.
650 _aहिन्दी साहित्य
_9156264
942 _hO1520m35,1(/\25):g, N0
_cTEXL
_2CC
999 _c373236
_d373236